000 00508nam a22001577a 4500
999 _c528200
_d528200
020 _qHard Cover
082 _a624
100 _aKamran Ahsan, Gilani Syed
245 _aValue Engineering in construction industry of Pakistan /
_cSyed Kamran Ahsan Gilani.
260 _aIslamabad:
_bNIT - NUST.
_c2012.
300 _ax, 69 p. : ill. ;
_c30cm.
942 _2ddc
_cTHE
650 _aMs Thesis.
_918721
700 _aDr. Rafiq Muhammad Choudhry.
_919815